| 000 | 00353nam a2200133 a 4500 | ||
|---|---|---|---|
| 005 | 20140414131921.0 | ||
| 008 | 101022s19uu xx 00 eng d | ||
| 050 |
_aER _bT41 1996 |
||
| 100 | _a | ||
| 245 | _aThe three little pigs. | ||
| 260 |
_c1999. _aMakati City, Philippines : _bDolphin book, |
||
| 440 | _aClassic tales collection | ||
| 999 |
_c111756 _d111756 |
||